000 00716nas a2200277 4500
001 BR6600394
003 BR-BrBNA
005 20231205082232.0
007 ta
008 230509b bl.|||p| |||| 00| 00por d
040 _aBR-BrBNA
_bpor
_cBiblioteca Nacional de Agricultura
041 _a(Pt)
072 _aF01
100 1 _aCarnauba, T.T.
245 1 _aCultura do abacateiro
650 _aABACATE
650 _aPOLINIZACAO
650 _aSOLO
650 _aCLIMA
650 _aVARIEDADE
650 _aPLANTIO
650 _aADUBACAO
773 0 _tAgronomico (Brazil)
_xISSN 0365-2726
_g(Nov-Dec 1966), v. 18(11-12) p. 15-27
_wBR6600394
909 _a202311
_bLúcia
_c55
_dLúcia Elande
942 _2AGRIS
_n0
_cANA
999 _c90187
_d90187